[Event "Nutcracker Rapid 2018"]
[Site "Moscow RUS"]
[Date "2018.12.22"]
[Round "7.2"]
[White "Najer, Evgeniy"]
[Black "Esipenko, Andrey"]
[Result "1-0"]
[WhiteTitle "GM"]
[BlackTitle "GM"]
[WhiteElo "2670"]
[BlackElo "2593"]
[WhiteTeam "Kings"]
[BlackTeam "Princes"]
[WhiteFideId "4118987"]
[BlackFideId "24175439"]
[EventDate "2018.12.21"]

1. e4 e5 2. Nf3 Nc6 3. Bc4 Bc5 4. d3 Nf6 5. O-O O-O 6. Bg5 h6 7. Bh4 Be7 8. Bg3
d6 9. a4 Kh8 10. c3 Nh7 11. b4 f5 12. exf5 Bxf5 13. Nbd2 a6 14. Qe2 Bf6 15. Bd5
Rb8 16. h3 Ne7 17. Be4 Qd7 18. a5 Bg5 19. Nb3 Bxe4 20. dxe4 Bf4 21. c4 Bxg3 22.
fxg3 Qe6 23. Qd3 Nf6 24. Kh2 Rbd8 25. b5 c5 26. Nbd2 Qc8 27. Rab1 Qc7 28. Qc3
Ra8 29. g4 Nh7 30. Rb2 Ng6 31. Rfb1 Nf4 32. bxa6 bxa6 33. Rb7 Qd8 34. R1b6 Ne2
35. Qd3 Nd4 36. Nxd4 cxd4 37. Qg3 Rf4 38. c5 dxc5 39. Nc4 Qg5 40. Re6 Rf6 41.
Nxe5 Qc1 42. Ng6+ Kg8 43. Qc7 1-0

[Event "Nutcracker Rapid 2018"]
[Site "Moscow RUS"]
[Date "2018.12.22"]
[Round "7.3"]
[White "Lomasov, Semyon"]
[Black "Leko, Peter"]
[Result "1/2-1/2"]
[WhiteTitle "IM"]
[BlackTitle "GM"]
[WhiteElo "2553"]
[BlackElo "2669"]
[WhiteTeam "Princes"]
[BlackTeam "Kings"]
[WhiteFideId "24164879"]
[BlackFideId "703303"]
[EventDate "2018.12.21"]

1. e4 e5 2. Nf3 Nc6 3. Bb5 Nf6 4. O-O Nxe4 5. d4 Nd6 6. dxe5 Nxb5 7. a4 Nbd4 8.
Nxd4 Nxd4 9. Qxd4 d5 10. Qd3 c6 11. a5 Be6 12. f4 g6 13. Nd2 c5 14. Nf3 Qd7 15.
Be3 Be7 16. Bf2 Bf5 17. Qd2 Be4 18. Bh4 Bxf3 19. Bxe7 Bxg2 20. Qxg2 Qxe7 21.
Qxd5 Rd8 22. Qf3 O-O 23. a6 Rd7 24. axb7 Rxb7 25. b3 c4 26. bxc4 Rc7 27. Qe3
Rfc8 28. Rf2 Qc5 29. Qxc5 Rxc5 30. Rxa7 Rxc4 31. Kg2 1/2-1/2

[Event "Nutcracker Rapid 2018"]
[Site "Moscow RUS"]
[Date "2018.12.22"]
[Round "7.4"]
[White "Paravyan, David"]
[Black "Short, Nigel D"]
[Result "1-0"]
[WhiteTitle "GM"]
[BlackTitle "GM"]
[WhiteElo "2634"]
[BlackElo "2646"]
[WhiteTeam "Princes"]
[BlackTeam "Kings"]
[WhiteFideId "4194985"]
[BlackFideId "400025"]
[EventDate "2018.12.21"]

1. e4 e6 2. d4 d5 3. Nc3 Bb4 4. e5 c5 5. a3 Bxc3+ 6. bxc3 Qa5 7. Bd2 Qa4 8. Rb1
c4 9. Ne2 Qxa3 10. g4 Nc6 11. Ng3 f6 12. f4 fxe5 13. fxe5 Nh6 14. g5 Nf5 15.
Nxf5 exf5 16. Bg2 Be6 17. Rxb7 O-O 18. Qh5 Ne7 19. O-O Ng6 20. Qd1 f4 21. Qe1
Qa2 22. h4 Qxc2 23. h5 f3 24. Bxf3 Nf4 25. h6 gxh6 26. Bxf4 Rxf4 27. Qg3 hxg5
28. Qxg5+ Qg6 29. Qxg6+ hxg6 30. Re7 Raf8 31. Bg2 Rxf1+ 32. Bxf1 Bf5 33. Bg2 Be4
34. Bxe4 dxe4 35. Rxa7 e3 36. Ra2 g5 37. Kg2 Rf4 38. Re2 Kf7 39. Rxe3 Ke6 40.
Rf3 Re4 41. Rf6+ Ke7 42. Rc6 Re2+ 43. Kf3 Rc2 44. Rxc4 Ke6 45. Rc6+ Kd5 46. Rd6+
Kc4 47. Kg4 Rg2+ 48. Kf5 g4 49. Rc6+ Kb3 50. Rg6 g3 51. d5 Kxc3 52. d6 Kc4 53.
d7 Rd2 54. Ke6 1-0

[Event "Nutcracker Rapid 2018"]
[Site "Moscow RUS"]
[Date "2018.12.22"]
[Round "8.2"]
[White "Sarana, Alexey"]
[Black "Najer, Evgeniy"]
[Result "0-1"]
[WhiteTitle "GM"]
[BlackTitle "GM"]
[WhiteElo "2618"]
[BlackElo "2670"]
[WhiteTeam "Princes"]
[BlackTeam "Kings"]
[WhiteFideId "24133795"]
[BlackFideId "4118987"]
[EventDate "2018.12.21"]

1. d4 Nf6 2. c4 e6 3. Nf3 Bb4+ 4. Bd2 c5 5. g3 Qb6 6. Bxb4 Qxb4+ 7. Qd2 Nc6 8.
Qxb4 Nxb4 9. Na3 b6 10. Bg2 Bb7 11. O-O Ke7 12. Rfd1 Rac8 13. b3 Rhd8 14. Ne5
Bxg2 15. Kxg2 Ne4 16. dxc5 bxc5 17. Rdc1 f6 18. Nd3 Nxd3 19. exd3 Nd6 20. Re1
Nf5 21. Nc2 Rc6 22. g4 Nh4+ 23. Kg3 g5 24. d4 h5 25. h3 Rh8 26. dxc5 Rxc5 27.
Nd4 Ng6 28. Rad1 Nf4 29. Rh1 Ra5 30. a4 Re5 31. h4 Ng6 32. hxg5 Rxg5 33. f3 f5
34. Kf2 fxg4 35. fxg4 Rxg4 36. Ke3 Rg3+ 37. Kd2 h4 38. Rde1 Rh5 39. Re3 Rxe3 40.
Kxe3 Rg5 41. Nf3 Rg3 42. Kf2 Rg4 43. a5 Kd6 44. a6 Kc7 45. Nh2 Rg3 46. Nf3 Rg4
47. Nh2 Re4 48. Nf3 Rf4 49. Ke3 Rg4 50. Kf2 e5 51. Nh2 Rg3 52. Nf3 Rg4 53. Nh2
Rf4+ 54. Ke3 Ne7 55. Nf1 Nf5+ 56. Kd2 Kb6 57. Ne3 Rd4+ 0-1

[Event "Nutcracker Rapid 2018"]
[Site "Moscow RUS"]
[Date "2018.12.22"]
[Round "8.4"]
[White "Short, Nigel D"]
[Black "Lomasov, Semyon"]
[Result "0-1"]
[WhiteTitle "GM"]
[BlackTitle "IM"]
[WhiteElo "2646"]
[BlackElo "2553"]
[WhiteTeam "Kings"]
[BlackTeam "Princes"]
[WhiteFideId "400025"]
[BlackFideId "24164879"]
[EventDate "2018.12.21"]

1. e4 e6 2. d4 d5 3. Nc3 h6 4. f4 dxe4 5. Nxe4 Nd7 6. Nf3 Ngf6 7. Nxf6+ Nxf6 8.
Bd3 c5 9. Qe2 cxd4 10. Bd2 Qb6 11. O-O-O Bd7 12. Ne5 Bd6 13. g4 Nd5 14. Qf2 Bxe5
15. fxe5 Nc3 16. Rhf1 Nxd1 17. Qxf7+ Kd8 18. Qxg7 Kc7 19. Rf7 Rad8 20. Kxd1 Qc6
21. Ba5+ b6 22. Bb4 Rhg8 23. Bd6+ Kb7 24. Qf6 Ka8 25. b4 Qh1+ 26. Kd2 Qxh2+ 27.
Kc1 Qh1+ 28. Kb2 Qc6 29. Qf4 Qc3+ 30. Kb1 Qe1+ 31. Kb2 Qc3+ 32. Kb1 Qe1+ 33. Qc1
Qxc1+ 34. Kxc1 Bc6 35. Rf4 Rd7 36. Rxd4 Rf7 37. Bc4 Rg6 38. b5 Bf3 39. Bd3 Rg8
40. Kd2 Kb7 41. Be2 Bxe2 42. Kxe2 a6 43. a4 axb5 44. axb5 Ra8 45. Bb4 Ra4 46. c3
Ra2+ 47. Ke3 Rg2 48. Rd6 Rg3+ 49. Ke2 Rxg4 50. Rxe6 h5 51. Re8 Rf5 52. Bd6 h4
53. Ke3 h3 54. Rb8+ Ka7 55. Rh8 Rg3+ 56. Ke4 Rf2 57. Rh7+ Ka8 58. e6 Re2+ 59.
Kd4 Rd2+ 60. Ke5 Re3+ 61. Kf4 Rxe6 62. Be5 Re2 63. Bd4 h2 64. Kf5 Re7 65. Rh6
Rf7+ 66. Bf6 Rf2+ 0-1